| 000 | 01215cam a22003617a 4500 | ||
|---|---|---|---|
| 003 | CHAP | ||
| 005 | 20220817043542.0 | ||
| 008 | 990614d1995 it rn 00110 fre d | ||
| 010 | _a78271 | ||
| 011 | _a79243 | ||
| 020 | _a925203417X | ||
| 035 | _a89413 | ||
| 040 | _cCHAP | ||
| 082 | 0 | 4 |
_a338.9 _bF44f v.31 |
| 110 | 2 | _aFAO | |
| 245 | 1 | 3 |
_aLa politique des prix agricoles : _ble gouvernement et le marché _c/par J. Harrigan, R. Loader, C. Thirtle |
| 260 |
_aRome : _bFAO, _c1995. |
||
| 300 | _a276 p. | ||
| 490 | 0 |
_aFAO. Materiales de capacitación para la planificación agrícola _v; 31 |
|
| 590 |
_aBATCH-UPD _b10 _c20130110 _lUCH01 _h0516 |
||
| 590 |
_aBATCH-UPD _b10 _c20130410 _lUCH01 _h0154 |
||
| 590 |
_aBATCH-UPD _b10 _c20130914 _lUCH01 _h1350 |
||
| 590 |
_aCONVERSION _b10 _c20130109 _lUCH01 _h1343 |
||
| 650 | 1 | 4 |
_aPolítica de precios. _990480 |
| 700 | 0 |
_aHarrigan, J. _952831 |
|
| 700 | 0 |
_aLoader, R. _967352 |
|
| 700 | 0 |
_aThirtle, C. _9112790 |
|
| 830 | 0 |
_aFAO. Materiales de capacitación para la planificación agrícola _v; 31 _939620 |
|
| 901 | _aBK | ||
| 905 | _aLilia Sánchez G. | ||
| 942 | _cLIBRO | ||
| 949 |
_a338.9 F44f v.31 _bBC _cFAO _d33724000728960 _eFAO1 _h95737 _i89413 _kDonaciØn _sb |
||
| 999 |
_c78271 _d78271 |
||